Gramática intuitiva al alcance de los niños / por Demetrio Rodríguez Andrés

per Rodríguez Andrés, Demetrio

Publicat: Barcelona : Imp. Rápida , 1939
Descripció física: [4] p. : il. ; 32 cm

MARC

LEADER 00000nam a2200000Ia 4500
001 20695
008 160829s1939 xx 000 0 cat d
080 |a RF-8-14 
100 |a Rodríguez Andrés, Demetrio  |9 32485 
245 |a Gramática intuitiva al alcance de los niños / por Demetrio Rodríguez Andrés 
260 |a Barcelona :  |b Imp. Rápida,  |c 1939 
300 |a [4] p. :  |b  il. ;  |c 32 cm 
590 |a Prové de Q-440, exp. 91 
650 |a Llenguatge i llengües  |x Gramàtiques  |9 46817 
856 4 |u https://media.diba.cat/diba/fitxers/arxiu/fulletons/bib_20695_1939_baixa.pdf  |y Accés lliure 
856 4 |u https://media.diba.cat/diba/fitxers/arxiu/fulletons/bib_20695_1939_baixa.pdf  |y Accés lliure 
901 |a Arxiu 
942 |n 1  |2 udc 
952 |0 0  |1 0  |4 0  |6 RF814  |7 1  |9 53470  |a Arxiu  |b Arxiu  |d 2016-12-01  |l 0  |o RF-8-14  |p 20695  |r 2016-12-01 00:00:00  |w 2016-12-01  |y ARXIU 
999 |c 57336  |d 57336 
900 |a bib_20695_1939_baixa.pdf